| 000 | 00714nam a2200241 i 4500 | ||
|---|---|---|---|
| 001 | bg | ||
| 100 | 1 | _aHANNAWAY, Conor | |
| 245 | 1 | 0 |
_aUmiejętności menedżerskie / _cConor Hannaway, Gabriel Hunt ; przekł. Krystyna Bolesta-Kukułka. |
| 246 |
_iTyt. oryg.: _a. |
||
| 260 |
_aWarszawa : _b"Kopia", _c1994. |
||
| 300 |
_a243, [1] s. ; _c19 cm. |
||
| 500 | _aTyt. oryg.: The management skills book". | ||
| 650 | 9 |
_aMenedżerowie _xpsychologia |
|
| 650 | 9 |
_aZarządzanie _xpsychologia |
|
| 655 | _aPodręczniki | ||
| 020 | _a8386290024 | ||
| 040 | _cBPK | ||
| 041 | 1 |
_apl _hen |
|
| 080 | _a159.9-057.17:65.013](07) | ||
| 920 | _a83-86290-02-4 | ||
| 942 | _cKS | ||
| 008 | s pl f |000 0 pol | ||
| 999 |
_c40325 _d40325 |
||
| 856 |
_uhttp://koha.tu.koszalin.pl/cgi-bin/koha/opac-detail.pl?biblionumber=40325 _yKatalog online BPK |
||